000
00310nam a22001337a 4500
008
181030b xxu||||| |||| 00| 0 eng d
020
_a
9789619197318
041
_a
alb
080
_a
541
100
_a
12
101
_a
KIM
245
_a
Nanogrimcat dhe Nanosiguria
_c
Remskar, M & Millaku, A
942
_2
udc
_c
BK
999
_c
51205
_d
51205